Linear Algebra (Record no. 786)
[ view plain ]
| 000 -LEADER | |
|---|---|
| Fixed length control field | 00489nam a2200193 4500 |
| 003 - CONTROL NUMBER IDENTIFIER | |
| Control field | SEACOMEC |
| 005 - DATE AND TIME OF LATEST TRANSACTION | |
| Control field | 20240313155335.0 |
| 008 - FIXED-LENGTH DATA ELEMENTS--GENERAL INFORMATION | |
| Fixed length control field | 240313b |||||||| |||| 00| 0 eng d |
| 020 ## - INTERNATIONAL STANDARD BOOK NUMBER / ISBN | |
| International Standard Book Number | 978-8125904823 |
| Price | Rs.210.00 |
| 040 ## - CATALOGING SOURCE | |
| Original cataloging agency | SEACOMEC |
| 041 ## - LANGUAGE CODE | |
| Language code | English |
| 082 ## - DEWEY DECIMAL CLASSIFICATION NUMBER | |
| Classification number | 512.5 |
| Book Number | S617 |
| 100 ## - MAIN ENTRY--PERSONAL NAME | |
| Personal name | Singh, Surjeet |
| 245 ## - TITLE STATEMENT | |
| Title | Linear Algebra |
| Statement of responsibility | Surjeet Singh |
| 260 ## - IMPRINT | |
| Place of publication | New Delhi |
| Name of publisher | Vikas Pub. |
| Date of publication | 2005 |
| 300 ## - PHYSICAL DESCRIPTION | |
| Page / Vol. No | 452 p |
| Dimensions | 6.25" x 9.5" inches |
| 650 ## - SUBJECT ADDED ENTRY--TOPICAL TERM | |
| Topical term | Mathematics |
| 942 ## - ADDED ENTRY ELEMENTS (KOHA) | |
| Koha item type | Books |
| Withdrawn status | Lost status | Source of classification | Damaged status | Not for loan | Home library | Current library | Date acquired | Total Checkouts | Call number | Accession number | Date last seen | Price effective from | Koha item type | Copy number |
|---|---|---|---|---|---|---|---|---|---|---|---|---|---|---|
| Dewey Decimal Classification | SEACOM ENGINEERING COLLEGE | SEACOM ENGINEERING COLLEGE | 13/03/2024 | 512.5 S617 | 04021 | 13/03/2024 | 13/03/2024 | Books | ||||||
| Dewey Decimal Classification | SEACOM ENGINEERING COLLEGE | SEACOM ENGINEERING COLLEGE | 13/03/2024 | 512.5 S617 | 04022 | 13/03/2024 | 13/03/2024 | Books | 1 | |||||
| Dewey Decimal Classification | SEACOM ENGINEERING COLLEGE | SEACOM ENGINEERING COLLEGE | 13/03/2024 | 512.5 S617 | 04023 | 13/03/2024 | 13/03/2024 | Books | 2 | |||||
| Dewey Decimal Classification | SEACOM ENGINEERING COLLEGE | SEACOM ENGINEERING COLLEGE | 13/03/2024 | 512.5 S617 | 04024 | 13/03/2024 | 13/03/2024 | Books | 3 | |||||
| Dewey Decimal Classification | SEACOM ENGINEERING COLLEGE | SEACOM ENGINEERING COLLEGE | 13/03/2024 | 512.5 S617 | 04025 | 13/03/2024 | 13/03/2024 | Books | 4 | |||||
| Dewey Decimal Classification | SEACOM ENGINEERING COLLEGE | SEACOM ENGINEERING COLLEGE | 13/03/2024 | 512.5 S617 | 04026 | 13/03/2024 | 13/03/2024 | Books | 5 | |||||
| Dewey Decimal Classification | SEACOM ENGINEERING COLLEGE | SEACOM ENGINEERING COLLEGE | 13/03/2024 | 512.5 S617 | 04027 | 13/03/2024 | 13/03/2024 | Books | 6 | |||||
| Dewey Decimal Classification | SEACOM ENGINEERING COLLEGE | SEACOM ENGINEERING COLLEGE | 13/03/2024 | 512.5 S617 | 04028 | 13/03/2024 | 13/03/2024 | Books | 7 | |||||
| Dewey Decimal Classification | SEACOM ENGINEERING COLLEGE | SEACOM ENGINEERING COLLEGE | 13/03/2024 | 512.5 S617 | 04029 | 13/03/2024 | 13/03/2024 | Books | 8 | |||||
| Dewey Decimal Classification | SEACOM ENGINEERING COLLEGE | SEACOM ENGINEERING COLLEGE | 13/03/2024 | 512.5 S617 | 04030 | 13/03/2024 | 13/03/2024 | Books | 9 |
